000 00613nam a2200241Ia 4500
003 OSt
005 20221005113945.0
006 a|||||r|||| 00| 0
007 ta
008 221004b |||||||| |||| 00| 0 ara d
024 _a14030
037 _cTextual
040 _aCRL
_cCRL
_bara
041 _2ara
_aara
082 _aQ7:21:g, 28L0
100 _aDaraz Mohammad Abdullah Au.
_9175868
245 0 _aAl-nibai al-azeem
260 _c1970
650 _a QURAN
_933479
650 _aISLAM
942 _hQ7:21:g, 28L0
_cTEXL
_2cc
999 _c1029866
_d1029866